<?xml version="1.0" encoding="UTF-8"?>
<record
    xmlns:xsi="http://www.w3.org/2001/XMLSchema-instance"
    xsi:schemaLocation="http://www.loc.gov/MARC21/slim http://www.loc.gov/standards/marcxml/schema/MARC21slim.xsd"
    xmlns="http://www.loc.gov/MARC21/slim">

  <leader>02581nam a2200397 i 4500</leader>
  <controlfield tag="003">CO-BoRNBP</controlfield>
  <controlfield tag="005">20250307160426.0</controlfield>
  <controlfield tag="007">ta</controlfield>
  <controlfield tag="008">231120s2022    ck o|||er     001 pcspa d</controlfield>
  <datafield tag="020" ind1=" " ind2=" ">
    <subfield code="a">9789585303331</subfield>
  </datafield>
  <datafield tag="040" ind1=" " ind2=" ">
    <subfield code="a">CO-BoRNBP</subfield>
    <subfield code="b">spa</subfield>
    <subfield code="c">CO-BoRNBP</subfield>
    <subfield code="e">rda</subfield>
  </datafield>
  <datafield tag="041" ind1="0" ind2=" ">
    <subfield code="a">spa</subfield>
  </datafield>
  <datafield tag="043" ind1=" " ind2=" ">
    <subfield code="a">s-cl---</subfield>
  </datafield>
  <datafield tag="084" ind1=" " ind2=" ">
    <subfield code="a">P YOY1</subfield>
  </datafield>
  <datafield tag="100" ind1="1" ind2=" ">
    <subfield code="a">Yezzed, Fredy,</subfield>
    <subfield code="d">1979- , </subfield>
    <subfield code="e">autor</subfield>
    <subfield code="9">59302</subfield>
  </datafield>
  <datafield tag="245" ind1="1" ind2="0">
    <subfield code="a">Yo vengo a ofrecer mi poema</subfield>
    <subfield code="b">antolog&#xED;a de resistencia</subfield>
    <subfield code="c">Fredy Yezzed ... [y otros ciento cuarenta y seis autores] </subfield>
  </datafield>
  <datafield tag="250" ind1=" " ind2=" ">
    <subfield code="a">Primera edici&#xF3;n </subfield>
  </datafield>
  <datafield tag="264" ind1=" " ind2="1">
    <subfield code="a">Bogot&#xE1;, Colombia</subfield>
    <subfield code="b">Editorial Escarabajo</subfield>
    <subfield code="c">2021</subfield>
  </datafield>
  <datafield tag="300" ind1=" " ind2=" ">
    <subfield code="a">607 p&#xE1;ginas </subfield>
    <subfield code="b">fotograf&#xED;as en blanco y negro</subfield>
    <subfield code="c">24 cm</subfield>
  </datafield>
  <datafield tag="336" ind1=" " ind2=" ">
    <subfield code="a">texto</subfield>
    <subfield code="b">txt</subfield>
    <subfield code="2">rdacontenido</subfield>
  </datafield>
  <datafield tag="337" ind1=" " ind2=" ">
    <subfield code="a">sin mediaci&#xF3;n</subfield>
    <subfield code="b">n</subfield>
    <subfield code="2">rdamedio</subfield>
  </datafield>
  <datafield tag="338" ind1=" " ind2=" ">
    <subfield code="a">volumen</subfield>
    <subfield code="b">nc</subfield>
    <subfield code="2">rdasoporte</subfield>
  </datafield>
  <datafield tag="500" ind1=" " ind2=" ">
    <subfield code="a">Incluye &#xED;ndice y datos biogr&#xE1;ficos de los autores</subfield>
  </datafield>
  <datafield tag="520" ind1="3" ind2=" ">
    <subfield code="a">&lt;&lt;Marcho lleno de un vigor supremo y nuevo, soy parte de una procesi&#xF3;n inacabable&gt;&gt;, escribi&#xF3; Walt Whitman, y esa es la esencia que alimenta esta antolog&#xED;a sobre la resistencia, cuyo grito estall&#xF3; en Chile y se propag&#xF3; por Colombia a finales de 2019.

Yo vengo a ofrecer mi poema convoca a m&#xE1;s de trescientos poemas venidos de diferentes latitudes- para desnudar la v&#xE9;rtebra de una &#xE9;poca arrastrada por la violencia, la pobreza, la desigualdad y la injusticia social, pero tambi&#xE9;n para dar cuenta de hombres y mujeres llenos de dignidad y esperanza.

Estos poemas salen a la calle, se leen en las paredes, se expresan sin violencia y acompa&#xF1;an con solidaridad a los manifestantes.

El lector encontrar&#xE1; en este volumen versos que preguntan por nuestra noci&#xF3;n de pa&#xED;s, por los desaparecidos, por los l&#xED;deres y lideresas asesinados, por la violencia contra la mujer, por la injusticia y la corrupci&#xF3;n, por la identidad latinoamericana, por el dolor del mundo, por las formas de hacer Memoria con la ayuda de la belleza y el asombro.
(Tomado a partes del texto).</subfield>
  </datafield>
  <datafield tag="521" ind1=" " ind2=" ">
    <subfield code="a">Recomendado para un p&#xFA;blico adulto</subfield>
  </datafield>
  <datafield tag="650" ind1="1" ind2="7">
    <subfield code="a">Poes&#xED;a latinoamericana</subfield>
    <subfield code="y">Siglo XX</subfield>
    <subfield code="2">ARMARC</subfield>
    <subfield code="9">59303</subfield>
  </datafield>
  <datafield tag="650" ind1="1" ind2="7">
    <subfield code="a">Literatura latinoamericana </subfield>
    <subfield code="y">Siglo XX</subfield>
    <subfield code="2">ARMARC</subfield>
    <subfield code="9">59304</subfield>
  </datafield>
  <datafield tag="650" ind1="1" ind2="7">
    <subfield code="a">Movimientos de protesta</subfield>
    <subfield code="v">Poes&#xED;a</subfield>
    <subfield code="2">ARMARC</subfield>
    <subfield code="9">59305</subfield>
  </datafield>
  <datafield tag="650" ind1="1" ind2="7">
    <subfield code="a">Violencia </subfield>
    <subfield code="v">Poes&#xED;a</subfield>
    <subfield code="2">ARMARC</subfield>
    <subfield code="9">59306</subfield>
  </datafield>
  <datafield tag="650" ind1="1" ind2="7">
    <subfield code="a">Poes&#xED;a revolucionaria</subfield>
    <subfield code="2">ARMARC</subfield>
    <subfield code="9">59307</subfield>
  </datafield>
  <datafield tag="650" ind1="1" ind2="7">
    <subfield code="a">Brutalidad policial en la literatura</subfield>
    <subfield code="2">ARMARC</subfield>
    <subfield code="9">59308</subfield>
  </datafield>
  <datafield tag="700" ind1="1" ind2=" ">
    <subfield code="a">Yezzed, Fredy</subfield>
    <subfield code="e">selecci&#xF3;n</subfield>
    <subfield code="9">59309</subfield>
  </datafield>
  <datafield tag="700" ind1="1" ind2=" ">
    <subfield code="a">Rojas Warner, Stefhany</subfield>
    <subfield code="e">selecci&#xF3;n</subfield>
    <subfield code="9">59310</subfield>
  </datafield>
  <datafield tag="700" ind1="1" ind2=" ">
    <subfield code="a">Bechara Navratilova, Eduardo</subfield>
    <subfield code="d">selecci&#xF3;n</subfield>
    <subfield code="9">59311</subfield>
  </datafield>
  <datafield tag="942" ind1=" " ind2=" ">
    <subfield code="2">loc</subfield>
    <subfield code="c">BKLIT</subfield>
  </datafield>
  <datafield tag="999" ind1=" " ind2=" ">
    <subfield code="c">57051</subfield>
    <subfield code="d">57051</subfield>
  </datafield>
  <datafield tag="952" ind1=" " ind2=" ">
    <subfield code="0">0</subfield>
    <subfield code="1">0</subfield>
    <subfield code="2">ddc</subfield>
    <subfield code="4">0</subfield>
    <subfield code="7">0</subfield>
    <subfield code="8">GEN</subfield>
    <subfield code="a">MEGUAMAL</subfield>
    <subfield code="b">MEGUAMAL</subfield>
    <subfield code="c">LIT</subfield>
    <subfield code="d">2025-02-04</subfield>
    <subfield code="l">0</subfield>
    <subfield code="o">P YOY1</subfield>
    <subfield code="p">GUA004898</subfield>
    <subfield code="r">2025-03-07 16:06:06</subfield>
    <subfield code="t">Ej.1</subfield>
    <subfield code="w">2025-03-07</subfield>
    <subfield code="y">BKLIT</subfield>
  </datafield>
  <datafield tag="952" ind1=" " ind2=" ">
    <subfield code="0">0</subfield>
    <subfield code="1">0</subfield>
    <subfield code="2">ddc</subfield>
    <subfield code="4">0</subfield>
    <subfield code="7">0</subfield>
    <subfield code="8">GEN</subfield>
    <subfield code="a">MEPLLERAS</subfield>
    <subfield code="b">MEPLLERAS</subfield>
    <subfield code="c">LIT</subfield>
    <subfield code="d">2025-08-12</subfield>
    <subfield code="l">0</subfield>
    <subfield code="o">P YOY1</subfield>
    <subfield code="p">PLL00171</subfield>
    <subfield code="r">2025-08-12 15:28:23</subfield>
    <subfield code="t">Ej.1</subfield>
    <subfield code="w">2025-08-12</subfield>
    <subfield code="y">BKLIT</subfield>
  </datafield>
  <datafield tag="952" ind1=" " ind2=" ">
    <subfield code="0">0</subfield>
    <subfield code="1">0</subfield>
    <subfield code="2">ddc</subfield>
    <subfield code="4">0</subfield>
    <subfield code="7">0</subfield>
    <subfield code="8">GEN</subfield>
    <subfield code="a">MESGUARO</subfield>
    <subfield code="b">MESGUARO</subfield>
    <subfield code="c">LIT</subfield>
    <subfield code="d">2025-08-20</subfield>
    <subfield code="l">0</subfield>
    <subfield code="o">P YOY1</subfield>
    <subfield code="p">SG04079</subfield>
    <subfield code="r">2025-08-20 14:07:03</subfield>
    <subfield code="t">Ej.1</subfield>
    <subfield code="w">2025-08-20</subfield>
    <subfield code="y">BKLIT</subfield>
  </datafield>
  <datafield tag="952" ind1=" " ind2=" ">
    <subfield code="0">0</subfield>
    <subfield code="1">0</subfield>
    <subfield code="2">ddc</subfield>
    <subfield code="4">0</subfield>
    <subfield code="7">0</subfield>
    <subfield code="8">GEN</subfield>
    <subfield code="a">MEMAPIRI</subfield>
    <subfield code="b">MEMAPIRI</subfield>
    <subfield code="c">LIT</subfield>
    <subfield code="d">2025-08-21</subfield>
    <subfield code="l">0</subfield>
    <subfield code="o">P YOY1</subfield>
    <subfield code="p">MAP00004418</subfield>
    <subfield code="r">2025-08-21 21:18:14</subfield>
    <subfield code="t">Ej.1</subfield>
    <subfield code="w">2025-08-21</subfield>
    <subfield code="y">BKLIT</subfield>
  </datafield>
  <datafield tag="952" ind1=" " ind2=" ">
    <subfield code="0">0</subfield>
    <subfield code="1">0</subfield>
    <subfield code="2">lcc</subfield>
    <subfield code="4">0</subfield>
    <subfield code="7">0</subfield>
    <subfield code="8">GEN</subfield>
    <subfield code="a">MESJUANI</subfield>
    <subfield code="b">MESJUANI</subfield>
    <subfield code="c">LIT</subfield>
    <subfield code="d">2025-08-25</subfield>
    <subfield code="l">0</subfield>
    <subfield code="o">P YOY1</subfield>
    <subfield code="p">SJU01608</subfield>
    <subfield code="r">2025-08-25 20:42:42</subfield>
    <subfield code="t">Ej.1</subfield>
    <subfield code="w">2025-08-25</subfield>
    <subfield code="y">BKLIT</subfield>
  </datafield>
  <datafield tag="952" ind1=" " ind2=" ">
    <subfield code="0">0</subfield>
    <subfield code="1">0</subfield>
    <subfield code="2">ddc</subfield>
    <subfield code="4">0</subfield>
    <subfield code="7">0</subfield>
    <subfield code="8">GEN</subfield>
    <subfield code="a">MESMARTI</subfield>
    <subfield code="b">MESMARTI</subfield>
    <subfield code="c">GEN</subfield>
    <subfield code="d">2025-09-24</subfield>
    <subfield code="l">0</subfield>
    <subfield code="o">P YOY1</subfield>
    <subfield code="p">SM04168</subfield>
    <subfield code="r">2025-09-24 22:07:24</subfield>
    <subfield code="t">Ej.1</subfield>
    <subfield code="w">2025-09-24</subfield>
    <subfield code="y">BKLIT</subfield>
  </datafield>
  <datafield tag="952" ind1=" " ind2=" ">
    <subfield code="0">0</subfield>
    <subfield code="1">0</subfield>
    <subfield code="2">ddc</subfield>
    <subfield code="4">0</subfield>
    <subfield code="7">0</subfield>
    <subfield code="8">GEN</subfield>
    <subfield code="a">MECABUYA</subfield>
    <subfield code="b">MECABUYA</subfield>
    <subfield code="c">GEN</subfield>
    <subfield code="d">2025-09-25</subfield>
    <subfield code="l">0</subfield>
    <subfield code="o">P YOY1</subfield>
    <subfield code="p">CAB001252</subfield>
    <subfield code="r">2025-09-25 19:55:39</subfield>
    <subfield code="t">Ej.1</subfield>
    <subfield code="w">2025-09-25</subfield>
    <subfield code="y">BKLIT</subfield>
  </datafield>
  <datafield tag="952" ind1=" " ind2=" ">
    <subfield code="0">0</subfield>
    <subfield code="1">0</subfield>
    <subfield code="2">ddc</subfield>
    <subfield code="4">0</subfield>
    <subfield code="7">0</subfield>
    <subfield code="8">GEN</subfield>
    <subfield code="a">MESMARTI</subfield>
    <subfield code="b">MESMARTI</subfield>
    <subfield code="c">GEN</subfield>
    <subfield code="d">2025-09-24</subfield>
    <subfield code="l">0</subfield>
    <subfield code="o">P YOY1</subfield>
    <subfield code="p">SM04250</subfield>
    <subfield code="r">2025-09-30 20:42:02</subfield>
    <subfield code="t">Ej.1</subfield>
    <subfield code="w">2025-09-24</subfield>
    <subfield code="y">BKLIT</subfield>
  </datafield>
  <datafield tag="952" ind1=" " ind2=" ">
    <subfield code="0">0</subfield>
    <subfield code="1">0</subfield>
    <subfield code="2">ddc</subfield>
    <subfield code="4">0</subfield>
    <subfield code="7">0</subfield>
    <subfield code="8">GEN</subfield>
    <subfield code="a">MECASTIL</subfield>
    <subfield code="b">MECASTIL</subfield>
    <subfield code="c">LIT</subfield>
    <subfield code="d">2025-10-07</subfield>
    <subfield code="l">0</subfield>
    <subfield code="o">P YOY1</subfield>
    <subfield code="p">EC03028</subfield>
    <subfield code="r">2025-10-07 19:38:02</subfield>
    <subfield code="t">Ej.1</subfield>
    <subfield code="w">2025-10-07</subfield>
    <subfield code="y">BKLIT</subfield>
  </datafield>
  <datafield tag="952" ind1=" " ind2=" ">
    <subfield code="0">0</subfield>
    <subfield code="1">0</subfield>
    <subfield code="2">ddc</subfield>
    <subfield code="4">0</subfield>
    <subfield code="7">0</subfield>
    <subfield code="8">GEN</subfield>
    <subfield code="a">MEURIBE</subfield>
    <subfield code="b">MEURIBE</subfield>
    <subfield code="c">LIT</subfield>
    <subfield code="d">2025-10-22</subfield>
    <subfield code="l">0</subfield>
    <subfield code="o">P YOY1</subfield>
    <subfield code="p">URI03222</subfield>
    <subfield code="r">2025-10-22 22:24:21</subfield>
    <subfield code="t">Ej.1</subfield>
    <subfield code="w">2025-10-22</subfield>
    <subfield code="y">BKLIT</subfield>
  </datafield>
  <datafield tag="952" ind1=" " ind2=" ">
    <subfield code="0">0</subfield>
    <subfield code="1">0</subfield>
    <subfield code="2">ddc</subfield>
    <subfield code="4">0</subfield>
    <subfield code="7">0</subfield>
    <subfield code="8">012</subfield>
    <subfield code="a">MEGRANAD</subfield>
    <subfield code="b">MEGRANAD</subfield>
    <subfield code="c">LIT</subfield>
    <subfield code="d">2026-02-18</subfield>
    <subfield code="e">Biblioteca Nacional de Colombia</subfield>
    <subfield code="l">0</subfield>
    <subfield code="o">P YOY1</subfield>
    <subfield code="p">GRDA02060</subfield>
    <subfield code="r">2026-02-18 16:04:36</subfield>
    <subfield code="t">Ej.1</subfield>
    <subfield code="w">2026-02-18</subfield>
    <subfield code="y">BKLIT</subfield>
  </datafield>
  <datafield tag="952" ind1=" " ind2=" ">
    <subfield code="0">0</subfield>
    <subfield code="1">0</subfield>
    <subfield code="2">ddc</subfield>
    <subfield code="4">0</subfield>
    <subfield code="7">0</subfield>
    <subfield code="8">GEN</subfield>
    <subfield code="a">MEDORADO</subfield>
    <subfield code="b">MEDORADO</subfield>
    <subfield code="c">GEN</subfield>
    <subfield code="d">2026-02-19</subfield>
    <subfield code="l">0</subfield>
    <subfield code="o">P YOY1</subfield>
    <subfield code="p">DOR03348</subfield>
    <subfield code="r">2026-02-19 16:51:19</subfield>
    <subfield code="t">Ej.1</subfield>
    <subfield code="w">2026-02-19</subfield>
    <subfield code="y">BKLIT</subfield>
  </datafield>
</record>
